| 000 | 00807cab a2200241 4500 | ||
|---|---|---|---|
| 001 | ABS58919 | ||
| 008 | 090401t1998 xxu||||| |||| 00| 0 eng d | ||
| 035 | _a(Sirsi) u86932 | ||
| 041 | _aeng | ||
| 100 | _aBryant, S. | ||
| 245 | _aPoor quality accommodation | ||
| 260 | _c1998 | ||
| 350 | _a0 | ||
| 490 |
_aJournal of the Institute of Rating Officers _v29(2) June 1998, 5-6(2) |
||
| 520 | _aConsiders residential rental valuation in the context of poor quality accommodation. Discusses the Contractor`s test and the comparable method. | ||
| 650 | _aHOUSING BENEFIT | ||
| 650 | _aRENT ASSESSMENT | ||
| 650 | _aSUBSTANDARD HOUSES | ||
| 650 | _aUNFIT HOUSES | ||
| 690 | _aPROPERTY-RESIDENTIAL PROPERTY-RESIDENTIAL LANDLORD AND TENANT-RESIDENTIAL TENANCIES | ||
| 942 | _n0 | ||
| 948 | _c19/06/1998 | ||
| 999 |
_c54746 _d54746 |
||